000 01282cam a2200349ua 4500
001 4448854
003 ARRUPE
005 20160913105512.0
008 850617s1981 gw 000 0 ger d
020 _a3921614546 :
035 _a(OCoLC)505753959
035 _a(OCoLC)ocn505753959
035 _a(NNC)4448854
040 _aNNUT
_cNNUT
041 1 _ager
_hspa
043 _af-mz---
090 _aBX1682.M65
_bI3515 1981
130 0 _aIglesia en Mozambique hoy.
_lGerman.
_925660
245 1 4 _aDie Kirche in Mosambik heute :
_bzwischen Kolonialismus und Revolution : eine Dokumentation /
_cmit einem Beitrag von Filipe J. Couto und Michael van Lay ; hrsg. von Peter Ripken ; [Übersetzung aud dem Spanischen, Sibylla Kroes].
260 _aBonn :
_bInformationsstelle Südliches Afrika,
_c1981.
300 _a190 p. ;
_c21 cm.
490 1 _aEdition Südliches Afrika ;
_v9
500 _aTranslation of: Iglesia en Mozambique hoy.
610 2 0 _aCatholic Church
_zMozambique.
_xHistory
_925661
650 0 _aChurch and state
_zMozambique
_925662
700 1 _aCouto, Filipe José.
_925663
700 1 _aLay, Michael van,
_d1948-
_925664
700 1 _aRipken, Peter.
_925665
830 0 _aEdition Südliches Afrika ;
_v9.
_925667
942 _2lcc
_cMONOGRAPH
999 _c125210
_d125210